| 000 | 00513nam a22001697a 4500 | ||
|---|---|---|---|
| 003 | BD-ChCU | ||
| 005 | 20260423085845.0 | ||
| 008 | 260423b bg ||||| |||| 00| 0 ben d | ||
| 040 | _cBD-ChCU | ||
| 082 | _aREF 495.432 TIB | ||
| 100 |
_aSarat chandra Das . _921796 |
||
| 245 |
_aA Tibtan - English Dictionary with Sanskrit Synonyms ./ _cChandra Das Sarat . |
||
| 260 |
_aDelhi : _bMotilal Banarsidass , _cC 1976 |
||
| 300 | _axxxiv , 1353p. | ||
| 650 | 0 |
_aTibetan - Dictionaries . _921797 |
|
| 942 |
_2ddc _cBK _n0 |
||
| 999 |
_c112360 _d112360 |
||